The 25 Funniest People on (or in) Earth Quiz Stats

 Plays Quiz not verified by Sporcle

Challenge
Share
Tweet
Embed
Score 0/25 Timer 08:00
0 Plays Today
Rank Funny Person % Correct
1George Carlin
59%
4Will Ferrell
46.9%
5Chris Rock
42.6%
9Eddie Murphy
32.2%
8Richard Pryor
31.1%
2Bill Cosby
30.3%
6Steve Martin
26.9%
3Bill Murray
25.2%
12Jim Carrey
25%
17Robin Williams
24.9%
24Sacha Baron Cohen
18.9%
20Sarah Silverman
17.5%
7Larry David
15%
Rank Funny Person % Correct
22Stephen Colbert
12.4%
16Ellen DeGeneres
11.3%
10Woody Allen
10%
13Whoopi Goldberg
9.7%
21Ricky Gervais
9.3%
11Lewis Black
9.2%
25Rowan Atkinson
7.4%
14Steven Wright
6.6%
23Sam Kinison
6.4%
19John Cleese
6.3%
18Bill Hicks
4.8%
15Trey Parker
2.6%

You're not logged in!

Compare scores with friends on all Sporcle quizzes.
OR
Log In

You Might Also Like...

Show Comments

Extras

Created Feb 22, 2010SourceReportNominate
Tags:earth, funny, initial, person

Top Quizzes Today


Score Distribution

Your Account Isn't Verified!

In order to create a playlist on Sporcle, you need to verify the email address you used during registration. Go to your Sporcle Settings to finish the process.

Report this User

Report this user for behavior that violates our Community Guidelines.

Details: